| 000 | 00498nam a2200193Ia 4500 | ||
|---|---|---|---|
| 008 | 180207s9999 xx 000 0 und d | ||
| 020 | _a9780545144742 | ||
| 050 | _bL479 2009 | ||
| 100 | _aLee, Quinlan B. | ||
| 245 | _aLearn to read with planet earth / | ||
| 245 | _cby Quinlan B. Lee. | ||
| 260 | _aNew York : | ||
| 260 | _bScholastic, | ||
| 260 | _c2009 | ||
| 300 | _aunpaged : | ||
| 300 | _bcolor illustration ; | ||
| 300 | _c19cm. | ||
| 300 | _e +flashcards + 9 books + 2 work book | ||
| 999 |
_c355869 _d355869 |
||